00249nam a2200109Ia 4500008004100000100001100041245003500052260001600087650001200103942000700115999001700122190216s9999||||xx |||||||||||||| ||und|| aGrumer 0aPhilosophy Of Critical History bGower Press aHistory cBK c19752d19752